Η βιντεοκάμερα και η οπτικοακουστική καταγραφή : τεχνολογία, τέχνη, τεχνική : θεωρητικά και πρακτικά ζητήματα εικονοληψίας και σκηνοθεσίας
Saved in:
| Main Author: | |
|---|---|
| Format: | Book |
| Language: | Greek |
| Published: |
Αθήνα :
ΦΩΤΟ,
c2010.
|
| Subjects: | |
| Tags: |
Add Tag
No Tags, Be the first to tag this record!
|
MARC
| LEADER | 00000cam a2200000 i 4500 | ||
|---|---|---|---|
| 001 | 1/22396 | ||
| 008 | 120808s2010 gr | ||| |||| ||gre|| | ||
| 020 | |a 9789607704122 | ||
| 035 | |l 10113050 | ||
| 040 | |a GR-MyUa |b gre |e AACR2 | ||
| 041 | 0 | |a gre | |
| 082 | 7 | |a 777 |2 (22) | |
| 100 | 1 | |a Σκοπετέας, Γιάννης. | |
| 245 | 1 | 2 | |a Η βιντεοκάμερα και η οπτικοακουστική καταγραφή : |b τεχνολογία, τέχνη, τεχνική : θεωρητικά και πρακτικά ζητήματα εικονοληψίας και σκηνοθεσίας / |c Γιάννης Σκοπετέας. |
| 260 | |a Αθήνα : |b ΦΩΤΟ, |c c2010. | ||
| 300 | |a 253 σ. : |b εικ. ; |c 21 εκ. | ||
| 504 | |a Βιβλιογραφία: σ. 250-252. | ||
| 650 | 0 | |a Cinematography. | |
| 650 | 0 | |a Digital video |x Amateurs' manuals. | |
| 650 | 0 | |a Cinematography |x Handbooks, manuals, etc. | |
| 852 | |a INST |b LESVOS |c EUDOXUS |e 20120808 |h 777 ΣΚΟ |p 005100052114 |q 005100052114 |t EDX |y 0 | ||
| 852 | |a INST |b LESVOS |c EUDOXUS |e 20150121 |h 777 ΣΚΟ |p 005100053343 |q 005100053343 |t EDX |y 0 | ||
| 852 | |a INST |b LESVOS |c EUDOXUS |e 20150121 |h 777 ΣΚΟ |p 005100053345 |q 005100053345 |t EDX |y 0 | ||
| 852 | |a INST |b LESVOS |c EUDOXUS |e 20150121 |h 777 ΣΚΟ |p 005100053346 |q 005100053346 |t EDX |y 0 | ||
| 852 | |a INST |b LESVOS |c EUDOXUS |e 20150121 |h 777 ΣΚΟ |p 005100053351 |q 005100053351 |t EDX |y 0 | ||
| 852 | |a INST |b LESVOS |c EUDOXUS |e 20140519 |h 777 ΣΚΟ |p 005100054212 |q 005100054212 |t EDX |y 0 | ||
| 852 | |a INST |b SYROS |c EUDOXUS |e 20150217 |h 777 ΣΚΟ |p 005500012164 |q 005500012164 |t EDX |y 0 | ||
| 901 | |a BIBL5-2015-1 | ||
| 901 | |a BIBL1-2012-2 | ||
| 901 | |a BIBL1-2014-1 | ||
| 901 | |a BIBL1-2015-1 | ||
| 920 | |a Εύδοξος |b Παραγγελία |y Σύρος-ΤΜΣΠΣ |z 2014-12 | ||
| 920 | |a Εύδοξος |b Επιστροφή |y Λέσβος |z 2013-12 | ||
| 920 | |a Εύδοξος |b Παραγγελία |y Λέσβος |z 2014-11 | ||
| 970 | |a Τζαφέρη |b Ευαγγελία |z 2012/08/08 | ||